Strategic management : (Record no. 5557)
[ view plain ]
| 000 -LEADER | |
|---|---|
| fixed length control field | 00957cam a2200253 a 4500 |
| 001 - CONTROL NUMBER | |
| control field | 14975222 |
| 005 - DATE AND TIME OF LATEST TRANSACTION | |
| control field | 20250425173705.0 |
| 008 - FIXED-LENGTH DATA ELEMENTS--GENERAL INFORMATION | |
| fixed length control field | 070822s2008 maua b 001 0 eng |
| 020 ## - INTERNATIONAL STANDARD BOOK NUMBER | |
| International Standard Book Number | 9780073381213 (pbk. : alk. paper) |
| 020 ## - INTERNATIONAL STANDARD BOOK NUMBER | |
| International Standard Book Number | 0073381217 (pbk. : alk. paper) |
| 050 00 - LIBRARY OF CONGRESS CALL NUMBER | |
| Classification number | HD30.28 |
| Item number | .D4743 2008 |
| 082 00 - DEWEY DECIMAL CLASSIFICATION NUMBER | |
| Classification number | 658.4/012 |
| Edition information | 22 |
| 100 1# - MAIN ENTRY--PERSONAL NAME | |
| Personal name | Dess, Gregory G. |
| 245 10 - TITLE STATEMENT | |
| Title | Strategic management : |
| Remainder of title | creating competitive advantages / |
| Statement of responsibility, etc. | Gregory G. Dess, G.T. Lumpkin, Alan B. Eisner. |
| 250 ## - EDITION STATEMENT | |
| Edition statement | 4th ed. |
| 260 ## - PUBLICATION, DISTRIBUTION, ETC. | |
| Place of publication, distribution, etc. | Boston : |
| Name of publisher, distributor, etc. | McGraw-Hill/Irwin, |
| Date of publication, distribution, etc. | c2008. |
| 300 ## - PHYSICAL DESCRIPTION | |
| Extent | 1 v. (various pagings) : |
| Other physical details | col. ill. ; |
| Dimensions | 26 cm. |
| 650 #0 - SUBJECT ADDED ENTRY--TOPICAL TERM | |
| Topical term or geographic name entry element | Strategic planning. |
| 700 1# - ADDED ENTRY--PERSONAL NAME | |
| Personal name | Lumpkin, G. T. |
| 700 1# - ADDED ENTRY--PERSONAL NAME | |
| Personal name | Eisner, Alan B. |
| 856 41 - ELECTRONIC LOCATION AND ACCESS | |
| Materials specified | Table of contents only |
| Uniform Resource Identifier | <a href="http://www.loc.gov/catdir/enhancements/fy0743/2007034062-t.html">http://www.loc.gov/catdir/enhancements/fy0743/2007034062-t.html</a> |
| 856 42 - ELECTRONIC LOCATION AND ACCESS | |
| Materials specified | Publisher description |
| Uniform Resource Identifier | <a href="http://www.loc.gov/catdir/enhancements/fy0743/2007034062-d.html">http://www.loc.gov/catdir/enhancements/fy0743/2007034062-d.html</a> |
| 942 ## - ADDED ENTRY ELEMENTS (KOHA) | |
| Source of classification or shelving scheme | Library of Congress Classification |
| Koha item type | Books |
| Edition | 4th Ed. |
| Suppress in OPAC | No |
| 999 ## - | |
| -- | 5557 |
| -- | 5557 |
| Withdrawn status | Lost status | Source of classification or shelving scheme | Damaged status | Not for loan | Collection | Home library | Current library | Shelving location | Date acquired | Total checkouts | Full call number | Barcode | Date last seen | Copy number | Price effective from | Koha item type |
|---|---|---|---|---|---|---|---|---|---|---|---|---|---|---|---|---|
| Library of Congress Classification | Non-fiction | Business Library (Miotso) | Business Library (Miotso) | General stacks | 04/25/2025 | HD30.28 .D4743 2008 | BSSM00001980 | 04/25/2025 | 1 | 04/25/2025 | Books |